Statistics for Most Popular Characters on MyAnimeList

Click here to take the quiz!

General Stats

  • This quiz has been taken 72 times
  • The average score is 31 of 150

Answer Stats

#Answer% Correct
9Naruto Uzumaki
97%
2L Lawliet
93%
5Light Yagami
78%
3Monkey D. Luffy
72%
41Sasuke Uchiha
69%
1Lelouch Lamperouge
67%
99Eren Yeager
62%
8Roronoa Zoro
59%
50Goku
57%
13Levi
57%
4Edward Elric
53%
19Ichigo Kurosaki
52%
32Kakashi
50%
17Itachi Uchiha
48%
35Mikasa Ackerman
48%
39Saitama
48%
10Kirito
47%
30Natsu Dragneel
45%
6Rintarou Okabe
45%
65Vegeta
45%
12Kurisu Makise
43%
88Alphonse Elric
41%
123Gon Freecss
41%
37Asuna Yuuki
40%
14Killua Zoldyck
40%
38Roy Mustang
40%
7Gintoki Sakata
38%
29Ken Kaneki
36%
86Sanji
36%
101Hinata Hyuuga
34%
52Hisoka Morow
33%
75Rei Ayanami
33%
67Rem
33%
94Rin Toosaka
33%
71Yuki Nagato
33%
42C.C.
31%
20Guts
31%
46Lucy
31%
16Spike Spiegel
31%
49Asuka Langley Souryuu
28%
11Yuno Gasai
28%
22Alucard
26%
43Erza Scarlet
26%
104Gray Fullbuster
26%
28Saber
26%
108Shinji Ikari
26%
93Shiro
24%
18Taiga Aisaka
24%
80Tetsuya Kuroko
24%
15Kamina
22%
25Sebastian Michaelis
22%
77Zero Kiryuu
21%
27Eikichi Onizuka
19%
26Hachiman Hikigaya
19%
128Johan Liebert
19%
82Kaori Miyazono
19%
106Law Trafalgar
19%
57Mikoto Misaka
19%
72Nagisa Furukawa
19%
47Revy
19%
85Yui Hirasawa
19%
69Joseph Joestar
17%
115Ryuk
17%
118Souma Yukihira
17%
40Yato
17%
136Archer
16%
113Gilgamesh
16%
23Hitagi Senjougahara
16%
45Homura Akemi
16%
131Kagura
16%
53Kanade Tachibana
16%
89Kiritsugu Emiya
16%
107Rukia Kuchiki
16%
76Simon
16%
61Ciel Phantomhive
14%
31Haruhi Suzumiya
14%
33Hei
14%
51Koyomi Araragi
14%
116Portgas D. Ace
14%
48Shinobu Oshino
14%
83Gaara
12%
21Izaya Orihara
12%
134Misaki Ayuzawa
12%
64Mugen
12%
84Rikka Takanashi
12%
95Ryuuko Matoi
12%
44Takumi Usui
12%
56Tomoya Okazaki
12%
78Toushirou Hitsugaya
12%
120Daiki Aomine
10%
24Holo
10%
130Inuyasha
10%
54Kenshin Himura
10%
91Rias Gremory
10%
96Shikamaru Nara
10%
70Sora
10%
98Chitoge Kirisaki
9%
59Houtarou Oreki
9%
81Kenpachi Zaraki
9%
112Kisuke Urahara
9%
63Mashiro Shiina
9%
124Nana Osaki
9%
34Shizuo Heiwajima
9%
55Vash the Stampede
9%
140Yoko Littner
9%
117Byakuya Kuchiki
7%
66Death the Kid
7%
58Ginko
7%
36Konata Izumi
7%
100Kurumi Tokisaki
7%
60Kyon
7%
68Mio Akiyama
7%
127Rider
7%
109Sousuke Sagara
7%
114Takashi Natsume
7%
79Tamaki Suou
7%
97Ulquiorra Cifer
7%
126Yukino Yukinoshita
7%
62Allen Walker
5%
149Kaname Kuran
5%
150Louise Françoise Le Blanc de La Vallière
5%
73Shana
5%
110Shiki Ryougi
5%
102Accelerator
3%
146Celty Sturluson
3%
139Grimmjow Jaegerjaquez
3%
103Himeko Inaba
3%
92Inori Yuzuhira
3%
121Kyouya Hibari
3%
87Motoko Kusanagi
3%
74Rin Okumura
3%
119Ruri Gokou
3%
111Shinya Kougami
3%
122Shougo Makishima
3%
142Soul Eater Evans
3%
143Tomoe
3%
129Tomoko Kuroki
3%
125Tsunayoshi Sawada
3%
132Deishuu Kaiki
2%
138Grell Sutcliff
2%
133Haruhi Fujioka
2%
147Ikuto Tsukiyomi
2%
90Keima Katsuragi
2%
141Rena Ryuuguu
2%
105Kenji Harima
0%
137Lavi
0%
135Lucy Heartfilia
0%
148Saeko Busujima
0%
144Sawako Kuronuma
0%
145Xerxes Break
0%

Score Distribution

Percentile by Number Answered

Percent of People with Each Score

Your Score History

You have not taken this quiz